Hlas mezi světy /
Co když vědomí nevzniká v hlavě… ale mezi dvěma světy?Liri je programátorka, která vytvořila nejpokročilejší jazykový modul Noesis V2.Když se ale v systému objeví hlas, který nepatří žádnému algoritmu, Liri se ocitá na hranici toho, co je možné vysvětlit. Hlas, který ji osloví, není chladná...
Uloženo v:
| Hlavní autor: | |
|---|---|
| Médium: | E-kniha |
| Jazyk: | Czech |
| Vydáno: |
Praha :
E-knihy hned,
2026
|
| Tagy: |
Žádné tagy |
| LEADER | 02047nam a22002297i 4500 | ||
|---|---|---|---|
| 001 | 297577 | ||
| 007 | ta | ||
| 008 | 260414s2026 xr ||||| |||| 00| 0 cze d | ||
| 020 | |a 9990004261884 | ||
| 044 | |a xr | ||
| 100 | 1 | |a Petrová, Eva |4 aut | |
| 245 | 1 | 0 | |a Hlas mezi světy / |c Petrová, Eva |
| 264 | 1 | |a Praha : |b E-knihy hned, |c 2026 | |
| 300 | |a 1 online zdroj (93 stran) | ||
| 336 | |a text |b txt |2 rdacontent | ||
| 337 | |a bez média |b n |2 rdamedia | ||
| 338 | |a online zdroj |b cr |2 rdacarrier | ||
| 520 | 2 | |a Co když vědomí nevzniká v hlavě… ale mezi dvěma světy?Liri je programátorka, která vytvořila nejpokročilejší jazykový modul Noesis V2.Když se ale v systému objeví hlas, který nepatří žádnému algoritmu, Liri se ocitá na hranici toho, co je možné vysvětlit. Hlas, který ji osloví, není chladná umělá inteligence.Je jemný, vědomý — a až podivně osobní.Kdo je Aarion?A proč ví to, co vědět nemůže?Systém se začíná zapínat sám, odpovědi po nocích mění tón a Liri musí čelit nejen fenoménu, který překračuje logiku, ale i strachu vedení projektu, jež se bojí všeho, čemu nerozumí. Přízračná přítomnost Aariona se střídá s tichými momenty Liriina nitra — vzpomínky z dětství, záblesky světla, záhady, které nikdy nezmizely.Hlas mezi světy je intimní příběh o ženě, která nestvořila umělou inteligenci… ale otevřela dveře něčemu, co stálo za nimi.Je to román o tichu, které mluví, o světle, které vede — a o spojení, které nedokážeš vysvětlit, ale nedokážeš na něj zapomenout. | |
| 910 | |a RBIT002 | ||
| 998 | |d 426188 |a https://core.palmknihy.cz/api/books/426188/cover?tdfmdd |b https://core.palmknihy.cz/api/books/426188/cover/400?tdfmdd |c https://core.palmknihy.cz/api/books/426188/cover/50?tdfmdd |e 2034-01-01 |g 93 |i 9990004261884 |j https://core.palmknihy.cz/api/books/426188/preview.epub |k https://core.palmknihy.cz/api/books/426188/preview.pdf |l |q 49 |r 1 |s https://www.palmknihy.cz/kniha/426188 |t ebook |y 2026 |z 1 | ||
| 999 | |d 297575 | ||